| 000 | 01427ctm a22003011a 4500 | ||
|---|---|---|---|
| 003 | SA-RiAUC | ||
| 005 | 20251215133158.0 | ||
| 007 | co ug ---uuauu | ||
| 008 | 251203s1988 su fsbm 00000 ara c | ||
| 040 |
_aSA-MaUQU _bara _cSA-RiAUC |
||
| 082 | 0 | 4 |
_a251.222 _qSA-RiAUC |
| 090 |
_aر 251.222 _bا ب ن ع |
||
| 100 | 1 | _aابن عمر، محمد غزالي. | |
| 245 | 1 | 0 |
_aضوابط الحل والحرمة في التشريع الإسلامي/ _cإعداد محمد غزالي بن عمر ؛ إشراف صالح بن عبد الله بن حميد. |
| 260 | _c1988 | ||
| 300 |
_a244ورقة؛ _c30 سم. |
||
| 500 | _aأطروحة (ماجستير)-جامعة أم القرى، كلية الشريعة، 1988. | ||
| 502 | _aأطروحة (ماجستير)-جامعة أم القرى، كلية الشريعة، 1988. | ||
| 504 | _aيشتمل على إرجاعات ببليوجرافية. | ||
| 516 | _aنص إلكتروني. | ||
| 530 | _aمتاحة نسخة على شكل مطبوع. | ||
| 533 |
_aمستنسخ إلكتروني. _b[د. م. : _cد. ن.، _d19--]. _e1 قرص مدمج. |
||
| 650 | 7 |
_aالحلال والحرام _vأقراص مدمجة _2aucsh |
|
| 650 | 7 |
_aأصول الفقه الإسلامي _vأقراص مدمجة _2aucsh |
|
| 700 |
_aابن حميد؛ صالح بن عبد الله _eمشرفا |
||
| 942 |
_2ddc _cTHESES _n0 |
||
| 949 |
_aSA-JeALM _d251203 _umohamedma123 _n1 |
||
| 999 |
_c13545 _d13545 |
||